000 00808nam a2200229Ia 4500
003 OSt
005 20220927105743.0
006 a|||||r|||| 00| 0
007 ta
008 220926b |||||||| |||| 00| 0 eng d
024 _a203347
037 _cReference Collections
040 _aRTL
_cRTL
_beng
041 _2eng
_aeng
082 _a"Sigma sn2,P13, Q4/GD"
100 _aSTATISTICS & PROGRAMME IMPLEMENTATION (M/o-)
_9374771
245 0 _aNational sample survey Jan-Dec 2013
_b" 70th Round, key indicators of land and livestock holdings in india"
260 _aNew
_b"delhi, Govt of india "
_c2014
490 _aCFM-MHE Professional in Finance
942 _h"Sigma sn2,P13, Q4/GD"
_cCC
999 _c694427
_d694427